| 000 | 00443nam a2200169Ia 4500 | ||
|---|---|---|---|
| 003 | GCL | ||
| 008 | 140319s9999 xx 000 0 ara d | ||
| 040 |
_aGCL / _cGCL |
||
| 082 | 0 | 4 |
_a953.02 _bع ا |
| 245 | 1 | 0 | _aاسد بن الفرات فاتح صقلية |
| 300 | _a80 ص | ||
| 490 | _a | ||
| 650 | 0 | 4 | _aالفتوحات الاسلامية |
| 650 | 0 | 4 | _aالاسلام - تراجم |
| 650 | 0 | 4 | _aاسد بن الفرات |
| 942 |
_2ddc _cBK |
||
| 999 |
_c43002 _d43002 |
||